[Event "Cappelle op 31st"]
[Site "Cappelle la Grande"]
[Date "2015.03.01"]
[Round "2"]
[White "Vazquez Igarza, Renier"]
[Black "Lalic, Bogdan"]
[Result "1-0"]
[WhiteElo "2592"]
[BlackElo "2483"]
[Annotator "RR"]
[PlyCount "67"]
[EventDate "2015.02.28"]
[EventType "swiss"]
[EventRounds "9"]
[EventCountry "FRA"]
[SourceTitle "EXT 2016"]
[Source "ChessBase"]
[SourceDate "2015.10.08"]
[SourceVersion "1"]
[SourceVersionDate "2015.10.08"]
[SourceQuality "1"]

1. Nf3 Nf6 2. c4 e6 3. Nc3 Bb4 4. Qc2 O-O 5. a3 Bxc3 6. Qxc3 d6 7. d4 {
Transpose d'une anglaise vers une Nimzo} b6 8. Bg5 (8. g3) (8. e3) 8... Bb7 9.
e3 Nbd7 10. Nd2 Rc8 11. Bd3 (11. f3 c5 12. dxc5 Rxc5 13. Bh4 d5 14. b4 Rc6 15.
Qb2 dxc4 16. Bxc4 Qc7 17. Bg3 e5 18. Bb3 Ba6 19. Kf2 Rc8 20. Rhd1 Bd3 21. Kg1
Bc2 22. Rdc1 Bxb3 23. Nxb3 Rc3 24. e4 h6 25. Be1 Rc2 26. Rxc2 Qxc2 27. Qxc2
Rxc2 28. a4 Nf8 29. a5 Nh5 30. Bf2 Rb2 31. Bxb6 Rxb3 32. Bxa7 Rxb4 33. a6 Nd7
34. Bc5 Rb8 35. a7 Ra8 36. Rb1 Kh7 37. Be3 Nhf6 38. Rb7 g5 39. Kf2 Kg7 40. g4
Kf8 {Ponomariov,R (2714)-Harikrishna,P (2727) Beijing 2014 1/2-1/2}) 11... c5
12. O-O h6 13. Bh4 cxd4 (13... Re8 14. Bg3 {Biriukov,N (2286)-Baklan,V (2618)
UKR-chT Alushta 2007 (7) 0-1}) 14. exd4 d5 15. b3 (15. Qb3 e5 16. Bf5 dxc4 {
Salov,V-Sokolov,A EU-Cup Burevestnik-Trud final 1984 (1.5) 0-1}) 15... dxc4
$146 {Les Noirs veulent jouer contre les P pendants} (15... Qc7 16. Rac1 Qb8
17. Qb2 {Conquest,S (2445)-Horvath,C Oakham YM 1988 1/2}) 16. bxc4 Qc7 17. Rfe1
$1 (17. Bg3 Qc6 $132 {[%csl Rg2]}) 17... Nh5 $146 (17... Nd5 18. Qb2 Nf4 19.
Bf1 Rfe8 20. Bg3 Rcd8 21. a4 e5 22. Bxf4 exf4 23. a5 Bc6 24. Rxe8+ Rxe8 25. d5
Bb7 26. axb6 axb6 27. Nf3 Qd6 28. Qb5 Re7 29. Rb1 g6 30. h4 h5 31. Qa4 Re8 32.
Ng5 Re7 33. Qa7 Bc8 34. Qa8 Re8 35. Qc6 Qxc6 36. dxc6 Nc5 37. Rxb6 Kf8 38. g3
fxg3 39. fxg3 Ke7 40. Bg2 f6 41. Rb5 Ne6 42. Ne4 Ba6 43. Ra5 Nc7 44. Nc5 Bxc4
45. Ra7 Ra8 46. Rxc7+ Kd6 47. Rg7 {Schakel,C (2307)-Fernandez Fornes,J (2303)
ICCF email 2010 1-0 (65)}) (17... Rfe8 18. Bg3 Qc6 19. Nf3 $14 {[%csl Ge5]})
18. f3 Rfe8 19. Qb2 Qf4 (19... Nf4 20. Bf1 e5 $132) 20. Bf2 $1 Red8 21. Bf1 {
Le jeu est ouvert et la paire de B domine les N qui manquent d'activité
centrale} Qc7 22. a4 Bc6 23. Qa2 Nf8 24. a5 $16 Rb8 25. Qa3 $1 Ng6 {Une
réaction probablement trop tardive} 26. Ne4 Qd7 27. Nc3 Qc7 28. Rad1 $1 $36
bxa5 $2 $138 29. Qc5 Rb3 30. Nb5 Qb7 31. Qxh5 Bxf3 32. gxf3 a6 33. Nc3 Rxc3 34.
Qxa5 1-0

[Event "Cappelle op 31st"]
[Site "Cappelle la Grande"]
[Date "2015.03.02"]
[Round "4"]
[White "L'Ami, Erwin"]
[Black "Arizmendi Martinez, Julen Luis"]
[Result "1-0"]
[WhiteElo "2606"]
[BlackElo "2522"]
[Annotator "RR"]
[PlyCount "89"]
[EventDate "2015.02.28"]
[EventType "swiss"]
[EventRounds "9"]
[EventCountry "FRA"]
[SourceTitle "EXT 2016"]
[Source "ChessBase"]
[SourceDate "2015.10.08"]
[SourceVersion "1"]
[SourceVersionDate "2015.10.08"]
[SourceQuality "1"]

1. d4 Nf6 2. c4 e6 3. Nc3 Bb4 4. Qc2 O-O 5. a3 (5. e4 {La mode actuelle}) 5...
Bxc3+ 6. Qxc3 d6 (6... b6 7. Bg5 Bb7 8. f3 h6 9. Bh4 d5 10. e3 Nbd7 11. cxd5
Nxd5 12. Bxd8 Nxc3 13. Bh4 Nd5 14. Bf2 c5 (14... f5 15. Bb5 c6 16. Bd3 e5 17.
Ne2 Rae8 18. O-O) 15. e4) (6... Qe8 $5 7. f3 d6 8. e4 e5 9. Be3 Nc6 10. d5 Ne7
11. Ne2 {Akhsharumova,A (2385)-Lalic,S (2340) Thessaloniki ol (Women) 1988 1-0}
(11. c5 $5)) 7. e3 (7. Nf3 b6 8. g3 Bb7 9. Bg2 Nbd7 10. O-O c5 11. b4 Qe7 12.
Bb2 cxd4 13. Qxd4 Rac8 14. Rfd1 Ne5 15. Nxe5 dxe5 16. Qxe5 Bxg2 17. Kxg2 Rxc4
18. Rac1 Rcc8 19. f3 h6 20. Kf2 Rfd8 21. Qf4 Nd5 22. Qd4 Nf6 23. Qf4 Nd5 24.
Qd4 Nf6 25. Qf4 Nd5 {1/2-1/2 (25) Ponomariov,R (2714)-Harikrishna,P (2727)
Beijing 2014}) 7... b6 8. Be2 Bb7 9. f3 Nbd7 $146 (9... c5 10. dxc5 bxc5 11. b4
d5 12. Nh3 Nbd7 13. O-O cxb4 14. axb4 dxc4 15. e4 Qc7 16. Qxc4 Qxc4 17. Bxc4
Rfc8 18. Be2 Rc2 19. Re1 Ne5 20. b5 Nc4 21. Ra4 Nb6 22. Ra5 Nfd7 23. Be3 Ne5
24. Bf1 Nec4 25. Bxb6 Nxb6 26. Rea1 Nc8 27. Rd1 Kf8 28. Rd7 Rb8 29. Rd8+ Ke7
30. Rg8 g6 31. Rxa7 Rc1 32. Nf4 Kd6 33. Ra2 e5 34. Rd2+ Kc7 35. Nd3 Rb1 36.
Nxe5 Ra8 37. Kf2 {1-0 (37) L'Ami,E (2618)-Ernst,S (2555) Germany 2015}) 10. Nh3
c5 11. dxc5 $5 Nxc5 (11... bxc5 $5 {[%cal Gd8b6]} 12. O-O a5 13. Rd1 Qb6 $11 {
[%cal Gf8d8]}) 12. b4 {Gagnant un tempo important et la reprise 11. bc5
donnait une position plus déséquilibrée avec des chances réciproques} Ncd7
13. Bb2 Qe7 14. O-O Rfc8 15. Qd2 Rc7 16. Rac1 Ne8 (16... Rac8 17. Nf2 Ba6 18.
c5 $1 Bxe2 19. cxd6) 17. Nf2 Rac8 {Un plan naturel mais assez passif et les
Noirs manquent un peu de contre-jeu} 18. Rfd1 Ndf6 19. e4 $14 Ba6 20. e5 $1
dxe5 21. Bxe5 Rd7 22. Qe1 Rxd1 23. Qxd1 Nd7 24. Bb2 $16 Bb7 25. Qd2 Bc6 26. Ng4
Rd8 27. Qe3 f6 28. Rd1 Nf8 29. Rxd8 Qxd8 30. Bc3 Nc7 31. f4 Ng6 32. g3 Ne7 33.
Qd3 Qxd3 34. Bxd3 {Les Blancs ont une bonne finale} h6 35. Kf2 Kf7 36. b5 $1 {
Les N Noirs sont mal placés pour profiter de l'affaiblissement de la case "c5"
} Bb7 37. a4 Nf5 38. Bb4 Ke8 39. Ne3 Ne7 40. Ba3 a6 41. c5 $36 bxc5 42. b6 Ncd5
43. Nc4 Kd7 44. Na5 c4 $2 45. Be4 1-0

[Event "Vienna Bawag"]
[Site "Vienna"]
[Date "1996.??.??"]
[Round "1"]
[White "Stanec, Nikolaus"]
[Black "Fauland, Alexander"]
[Result "1-0"]
[WhiteElo "2490"]
[BlackElo "2430"]
[Annotator "Rechlis,G"]
[PlyCount "71"]
[EventDate "1996.05.??"]
[EventType "tourn"]
[EventRounds "9"]
[EventCountry "AUT"]
[EventCategory "9"]
[SourceTitle "CBM 054"]
[Source "ChessBase"]
[SourceDate "1996.10.01"]
[SourceVersion "1"]
[SourceVersionDate "1996.10.01"]
[SourceQuality "1"]

1. d4 {King} Nf6 2. c4 e6 3. Nc3 Bb4 4. Qc2 d6 5. e3 c5 6. Bd3 Nc6 7. Nge2 e5
8. d5 Bxc3+ 9. Qxc3 Ne7 10. e4 O-O 11. O-O Ng6 (11... Nh5 12. b4 b6 13. bxc5
bxc5 14. f4 exf4 15. e5 $1 $16 {1-0 Doroshkievich,V-Romanishin,O/URS-ch43
Erevan ;URS-ch 1975 (52)}) 12. b4 b6 13. bxc5 bxc5 14. f3 (14. Rb1 $142) 14...
Nh5 15. Rf2 Rb8 16. Rb1 Rxb1 17. Bxb1 Qb6 $6 18. Bd3 Bd7 19. Ng3 Nxg3 (19...
Nhf4 $5 20. Bf1 Rb8 $132) 20. hxg3 f5 21. Rb2 Qa6 $6 (21... Qc7 $142) 22. Qb3
fxe4 (22... f4 $5 23. Qb7 Bc8 (23... Qa3 $2 24. Qxd7 Qxd3 25. Rb7 Qd1+ 26. Kh2
fxg3+ 27. Kxg3 Qe1+ 28. Kh2 Qh4+ 29. Qh3 $16)) 23. Bxe4 Bf5 $2 (23... Rf7) 24.
Bxf5 Rxf5 25. Qb5 $1 $16 Qxb5 26. Rxb5 Rf7 {King: White has played well,
preventing counterplay on the kingside, and is set to mop up on the queenside.
For the moment Black holds everything, but the advance of the a-pawn tips him
over the edge.} 27. a4 Rd7 28. a5 Kf7 29. Rb8 h6 30. a6 Ne7 31. Bd2 Ng8 32. Ba5
Nf6 33. Rb7 Ke7 34. Bb6 $1 $18 Ne8 (34... axb6 {King} 35. Rxd7+ (35. a7 $2 Rxb7
36. a8=Q Rd7 $10) 35... Nxd7 36. a7) 35. Bxa7 Nc7 36. Rxc7 1-0

[Event "Bundesliga 0607"]
[Site "Germany"]
[Date "2006.11.18"]
[Round "3.2"]
[White "Stern, Rene"]
[Black "Baklan, Vladimir"]
[Result "0-1"]
[WhiteElo "2457"]
[BlackElo "2601"]
[Annotator "Reeh,O"]
[PlyCount "64"]
[EventDate "2006.10.28"]
[EventType "team-tourn"]
[EventRounds "15"]
[EventCountry "GER"]
[SourceTitle "CBM 116"]
[Source "ChessBase"]
[SourceDate "2007.02.01"]
[SourceVersion "1"]
[SourceVersionDate "2007.02.01"]
[SourceQuality "1"]
[WhiteTeam "Berlin Tegel"]
[BlackTeam "Bindlach"]
[WhiteTeamCountry "GER"]
[BlackTeamCountry "GER"]

1. d4 Nf6 2. c4 e6 3. Nc3 Bb4 4. Qc2 O-O 5. a3 Bxc3+ 6. Qxc3 d6 7. e3 b6 8. Ne2
Nbd7 9. Ng3 Bb7 10. f3 c5 11. dxc5 Nxc5 12. b4 Ncd7 13. Bb2 Rc8 14. Qd2 Ne5 15.
Rc1 Ba6 16. c5 Bxf1 17. Kxf1 bxc5 18. bxc5 Rc6 19. Kf2 Qc7 20. cxd6 Rxd6 21.
Bd4 Qd7 22. Qc3 Neg4+ $1 {Very ingeniously played. Black tries to confuse
matters, since white has not completed his development yet (Rh1!). Sehr
einfallsreich gespielt - Schwarz versucht, die Dinge zu komplizieren, da Weiß
ja die Entwicklung noch nicht abgeschlossen hat (Rh1!).} ({With Mit} 22... Rc6
23. Qb3 Rb6 $1 24. Qc2 (24. Bxb6 $2 {fails to schietert an} Qd2+ 25. Ne2 Nd3+
26. Kg3 axb6 $17) 24... Rc6 $11 {Black could have forced a repetition of moves.
hätte Schwarz Zugwiederholung herbeiführen können.}) 23. fxg4 ({After Nach} 23.
Ke2 {Black could simply continue his attack with könnte Schwarz einfach mit}
Rd8 $1 24. fxg4 e5 {seinen Angriff fortsetzen.}) 23... e5 24. Bc5 (24. Bxe5
Nxg4+ 25. Ke2 (25. Kg1 Rd3) 25... Qb5+ {and Black wins back the piece on e5.
und Schwarz gewinnt auf e5 die Figur zurück.}) 24... Rd3 $2 ({Correct was
Korrekt war} 24... Rd2+ $1 {e.g. , z.B.} 25. Ke1 (25. Kg1 Rc8) 25... Rd8 26.
Bd4 Rxg2 27. Bxe5 Nxg4 {with unclear play. mit unklarem Spiel.}) 25. Qb4 Nxg4+
26. Ke2 $2 {Returning the favour. Gibt das Kompliment zurück.} ({Following Nach
} 26. Kg1 $1 {Black can do hardly anything to prevent White from consolidating
with 27.h3/28.Kh2. kann Schwarz wenig tun, um Weiß daran zu hindern, sich mit
27.h3/28.Kh2 zu konsolidieren.}) 26... Rd8 27. Ne4 (27. Rhe1 {[%tqu "En","With
his last move White has overprotected the point e3. How do you continue with
Black?","A rook check on d2 would only drive the white king into (relative)
safety on f1. But if Black could give a queen check on this square, the king
would be forced to go to f3.","Deflect the white queen from d2!","d3b3",
"Splendid!  You have seen that after White takes this rook, his king will be
forced to go to f3. Thereafter, Black can give checkmate in a few moves...",10,
"De","Mit seinem letzten Zug hat Weiß den Punkt e3 überdeckt. Wie setzen Sie
mit Schwarz fort?","Ein Turmschach auf d2 würde lediglich den weißen König
nach f1 treiben und damit in (relative) Sicherheit. Aber wenn Schwarz auf
diesem Feld ein Damenschach geben könnte, müsste der König nach f3 gehen.",
"Lenken Sie die weiße Dame von d2 ab!","d3b3","Fabelhaft!  Sie haben gesehen,
dass Weiß nach dem Schlagen des Turms mit dem König nach f3 gehen muss. Danach
kann Schwarz in wenigen Zügen mattsetzen...",10]} Rb3 $1 {, and now after ,
und nun setzt Schwarz nach} (27... Rxe3+ 28. Bxe3 Qd3+ 29. Kf3 {und e3 ist
gedeckt.}) (27... Rd2+ 28. Kf1) 28. Qxb3 {mates in just a few moves: in
wenigen Zügen matt:} ({the most stubborn ist am hartnäckigsten ist} 28. Qa5
Qd3+ 29. Kf3 f5 30. Rcd1 Nxh2+ 31. Kf2 Qc2+ 32. Kg1 Nf3+ $1 33. gxf3 Rxd1 $17)
28... Qd2+ 29. Kf3 Nxh2+ 30. Ke4 Qxg2+ 31. Kxe5 Qxg3+ 32. Ke4 Qf3+ 33. Ke5 Ng4#
) {[%tqu "En","How can Black crown his attack?","Actually, the black rook on
d3 is only in the way...","Enable the black queen to give a deadly check on
d3!","d3e3","Strong!  After the fall of the point e3, the white king loses
every protection.",10,"De","Wie kann Schwarz seinen Angriff krönen?","Der
schwarze Turm auf d3 'stört' eigentlich nur...","Ermöglichen Sie der schwarzen
Dame ein tödliches Schach auf d3!","d3e3","Stark!  Nach dem Fall des Punktes
e3 verliert der weiße König jeglichen Schutz.",10]} 27... Rxe3+ $1 {Clearing
the square d3 with tempo. Räumt mit Tempo das Feld d3.} 28. Bxe3 (28. Kf1 Qd1+
$1 29. Rxd1 Rxd1+ 30. Qe1 Rdxe1#) 28... Qd3+ 29. Kf3 Qxe3+ 30. Kxg4 {[%tqu
"En","Mate in four!","","","f7f5","Correct.",10,"De","Matt in vier!",".","",
"f7f5","Korrekt.",10]} f5+ $1 31. Kxf5 ({Or Oder} 31. Kh4 Qf4+ 32. g4 Qxg4#)
31... Qf4+ 32. Ke6 Qf7+ {and White resigned in view of 33.Ke5 Rd5++. und
angesichts von 33.Ke5 Rd5++ gab Weiß auf .} 0-1

[Event "Olympiad-37"]
[Site "Turin"]
[Date "2006.05.27"]
[Round "6"]
[White "Arlandi, Ennio"]
[Black "Zagorskis, Darius"]
[Result "1-0"]
[WhiteElo "2453"]
[BlackElo "2490"]
[Annotator "Reeh,O"]
[PlyCount "54"]
[EventDate "2006.05.21"]
[EventType "team-swiss"]
[EventRounds "13"]
[EventCountry "ITA"]
[SourceTitle "CBM 113"]
[Source "ChessBase"]
[SourceDate "2006.07.31"]
[SourceVersion "1"]
[SourceVersionDate "2006.07.31"]
[SourceQuality "1"]
[WhiteTeam "Italy"]
[BlackTeam "Lithuania"]
[WhiteTeamCountry "ITA"]
[BlackTeamCountry "LTU"]

1. d4 Nf6 2. c4 e6 3. Nc3 Bb4 4. Qc2 O-O 5. a3 Bxc3+ 6. Qxc3 b6 7. Nf3 Bb7 8.
e3 d6 9. Bd3 Nbd7 10. O-O c5 11. b4 Rc8 12. dxc5 bxc5 13. b5 {An interesting
constellation - pawn majority on the queenside versus centre. Eine
interessante Konstellation - Damenflügel- gegen Zentrumsmajorität.} e5 14. Nd2
e4 15. Be2 Re8 16. Bb2 Ne5 17. Rfd1 Qd7 18. h3 ({Here or on the following
moves, interesting was Interessant war hier oder in Folge auch} 18. Qa5 {
, opening the diagonal for the bishop b2 and sometimes threatening to take the
pawn a7. , was die sofort die Diagonale für den Läufer b2 öffnet und
gelegentlich droht, den Bauern a7 zu schlagen.}) 18... Qf5 19. Nf1 (19. Qa5)
19... d5 20. cxd5 (20. Ng3 Qg6) 20... Nxd5 $2 {Allowing a surprising
combination. Lässt eine überraschend Kombination zu.} (20... Bxd5 {was
indicated, with a dynamically balanced position. war angezeigt, mit dynamisch
ausgeglichener Stellung.}) {[%tqu "En","With his last move, Black seems to
have firmly grasped the initiative. Yet White has a powerful counterblow here.
Do you see it?","With his queen and bishop, White has a powerful battery on
the diagonale b2-g7, pinning the knight on e5 due to the threat Qxg7 mate. A
bishop move to g4 would skewer the queen on f5 and the rook on c8.  But of
course first of all, we have to deal with the attack on our queen...","What is
the most direct way to get rid of the attack on our queen?","d1d5","The start
of a combination which in the end nets White a whole piece.",20,"De","Mit
seinem letzten Zug scheint Schwarz die Initiative fest in die Hand genommen zu
haben. Doch Weiß hat hier einen kraftvollen Gegenschlag. Sehen Sie, welchen?",
"Mit Dame und Läufer hat Weiß eine mächtige Batterie auf der Diagonalen b2-g7.
Der Springer auf e5 ist gefesselt wegen der Drohung Dxg7 matt. Ein Läuferzug
nach g4 würde Dame f5 und Tc8 aufspießen. Aber zunächst einmal muss man
natürlich die Bedrohung der Dame abwehren...","Wie lässt sich der Angriff auf
die Dame am direktesten abschütteln?","d1d5","Der Auftakt zu einer Kombination,
die Weiß am Ende ein Figur einträgt.",20]} 21. Rxd5 $1 Bxd5 {[%tqu "En",
"Please show that you played the last move Rxd5 with the right intention.",
"The knight on e5 is pinned due to the mate threat on g7.","Look out for a
move which skewers the black queen and rook.","e2g4","Of course!",15,"De",
"Bitte zeigen Sie, dass Sie den letzten Zug Txd5 mit der richtigen Absicht
gespielt haben.","Der Springer auf e5 ist gefesselt.","Suchen Sie einen Zug,
der die Dame und Turm von Schwarz aufspießt.","e2g4","Na klar!",15]} 22. Bg4 $1
{The point: White finally wins a piece. Die Pointe: Weiß gewinnt am Ende eine
Figur.} Qg5 23. Bxc8 {The rook c8 is overloaded, it can't take the bishop c8
and guard the knight e5 at the same time. Der Turm c8 ist überlastet, er kann
nicht auf c8 nehmen, ohne die Deckung des Se5 aufzugeben.} Nf3+ (23... Rxc8 24.
Qxe5) 24. Kh1 Rxc8 25. gxf3 exf3 26. Ng3 Qh6 {[%tqu "En","Black is threatening
Qxh3+ and mate on g2. How do you react?","The black queen is tied to the
defence of the point g7.","Watch out for a move which protects the pawn h3 and
at the same time threatens something.","g3h5","Attack is the best defence!",15,
"De","Scharz droht Dxh3+ und Matt auf g2. Wie reagieren Sie?","Die schwarze
Dame ist an die Verteidigung des Bauern g7 gebunden.","Suchen Sie einen Zug,
der den Bauern h3 abschirmt und gleichzeitig etwas droht.","g3h5","Angriff ist
die beste Verteidigung!",15]} 27. Nh5 $1 {The final point: White not only
protects h3, but also launches a deadly counterattack against g7. Der
Schlussakkord: Weiß deckt nicht nur den Punkt h3, sondern leitet einen
tödlichen Gegenangriff gegen g7 ein.} f6 {and Black resigned in view of the
killing 28.Rg1. und Schwarz gab gleichzeitig auf, denn 28.Tg1 ist tödlich.} 1-0

[Event "Bern"]
[Site "Bern"]
[Date "1991.??.??"]
[Round "9"]
[White "Wirthensohn, Heinz"]
[Black "Summermatter, Daniel"]
[Result "1/2-1/2"]
[WhiteElo "2460"]
[BlackElo "2320"]
[Annotator "Ribli,Z"]
[PlyCount "23"]
[EventDate "1991.02.??"]
[EventType "tourn"]
[EventRounds "9"]
[EventCountry "SUI"]
[EventCategory "9"]
[SourceTitle "CBM 022"]
[Source "ChessBase"]
[SourceDate "1991.06.01"]
[SourceVersion "1"]
[SourceVersionDate "1991.06.01"]
[SourceQuality "1"]

1. Nf3 Nf6 2. c4 e6 3. Nc3 Bb4 4. Qc2 O-O 5. a3 Bxc3 6. Qxc3 b6 7. g3 (7. b4 d6
8. Bb2 Bb7 9. g3 c5 10. Bg2 Nbd7 {Kasparov,G-Karpov,An Wch-KK5 Lyon 1990 CBM/
21 50/12}) 7... Bb7 8. Bg2 d6 (8... c5 9. O-O d6 10. b3 Qe7 11. Bb2 Nc6 12. d3
{Damljanovic,B-Paunovic,D JUG-ch 1989 CBM/13}) 9. O-O Nbd7 10. d4 (10. b4 $5)
10... Ne4 11. Qc2 f5 12. b4 1/2-1/2

[Event "RUS-ch Army"]
[Site "Russia"]
[Date "1995.??.??"]
[Round "?"]
[White "Ivanov, Timur"]
[Black "Kiselev, Sergey"]
[Result "1/2-1/2"]
[WhiteElo "2425"]
[BlackElo "2495"]
[Annotator "Ribli,Z"]
[PlyCount "54"]
[EventDate "1995.??.??"]
[EventType "tourn"]
[EventRounds "11"]
[EventCountry "RUS"]
[EventCategory "10"]
[SourceTitle "CBM 048"]
[Source "ChessBase"]
[SourceDate "1995.10.01"]
[SourceVersion "1"]
[SourceVersionDate "1995.10.01"]
[SourceQuality "1"]

1. Nf3 Nf6 2. c4 e6 3. Nc3 Bb4 4. Qc2 O-O 5. a3 Bxc3 6. Qxc3 b6 7. b3 {Mit
diesem Zug hat Weiss zwei Ideen: 1.Er will den c4P unterstuetzen. 2.Er will im
Zentrum spielen und dort Raumvorteil erreichen.} Bb7 8. Bb2 d6 9. g3 (9. e3 e5
10. Be2 c5 11. O-O Re8 $5 12. Rae1 Ne4 13. Qc2 Ng5 14. Qf5 Nxf3+ 15. Bxf3 Bxf3
16. Qxf3 Nd7 17. d4 Qf6 $10 {Kramnik,V-Kortschnoj,V/Luzern chT/1993/}) 9...
Nbd7 10. Bg2 c5 (10... Ne5 11. O-O Nxf3+ 12. Bxf3 Bxf3 13. Qxf3 $14 {Vaganian,
R-Anand,V/Wijk/1989/CBM11/}) 11. O-O Qe7 (11... Qc7 $5) 12. d4 (12. d3 $5 {
/\ e4}) 12... Rac8 (12... cxd4 $2 13. Qxd4 $14 {>< d6}) 13. Rad1 {Weiss will
d5 durchsetzen.} d5 $1 {Dieser Zug ist fuer derartige Stellungen besonders in
dieser Variante typisch.} 14. cxd5 Bxd5 $1 {Droht /\ cd4,Bxb3.} 15. Nd2 {
Was sonst?} cxd4 16. Qxd4 Bxg2 17. Kxg2 Nc5 18. Qe3 Qb7+ 19. Kg1 Nd5 20. Qf3 (
20. Qd4 f6 $5 {Mit komplizierter Stellung.}) 20... Rfd8 21. Ne4 Nxe4 22. Qxe4
Qe7 23. Rc1 h6 24. Rfd1 Nf6 25. Bxf6 Qxf6 26. Rxc8 Rxc8 27. Qb7 Rd8 (27... Rd8
28. Rxd8+ Qxd8 29. Qxa7 Qd1+ 30. Kg2 Qxb3 $10) 1/2-1/2